000
00311nam a2200145Ia 4500
100
_a
Kartsev/V.P
650
_a
General
942
_c
BK
654
_a
Magnets
245
_a
Three thousand years of magnets
260
_b
Mir Publishers
_a
Moscow
_c
1975
082
_a
538.2
300
_a
184
546
_a
ENGLISH
999
_c
20743
_d
20743